|
|
|
|
| LEADER |
02710nam a22005175i 4500 |
| 001 |
978-3-540-68651-4 |
| 003 |
DE-He213 |
| 005 |
20151204160834.0 |
| 007 |
cr nn 008mamaa |
| 008 |
100301s2009 gw | s |||| 0|eng d |
| 020 |
|
|
|a 9783540686514
|9 978-3-540-68651-4
|
| 024 |
7 |
|
|a 10.1007/978-3-540-68651-4
|2 doi
|
| 040 |
|
|
|d GrThAP
|
| 050 |
|
4 |
|a QA276-280
|
| 072 |
|
7 |
|a PBT
|2 bicssc
|
| 072 |
|
7 |
|a MBNS
|2 bicssc
|
| 072 |
|
7 |
|a MED090000
|2 bisacsh
|
| 082 |
0 |
4 |
|a 519.5
|2 23
|
| 100 |
1 |
|
|a Schlattmann, Peter.
|e author.
|
| 245 |
1 |
0 |
|a Medical Applications of Finite Mixture Models
|h [electronic resource] /
|c by Peter Schlattmann.
|
| 264 |
|
1 |
|a Berlin, Heidelberg :
|b Springer Berlin Heidelberg,
|c 2009.
|
| 300 |
|
|
|a X, 246 p. 74 illus.
|b online resource.
|
| 336 |
|
|
|a text
|b txt
|2 rdacontent
|
| 337 |
|
|
|a computer
|b c
|2 rdamedia
|
| 338 |
|
|
|a online resource
|b cr
|2 rdacarrier
|
| 347 |
|
|
|a text file
|b PDF
|2 rda
|
| 490 |
1 |
|
|a Statistics for Biology and Health,
|x 1431-8776
|
| 505 |
0 |
|
|a Overview over the Book -- - Heterogeneity in Medicine -- Modeling Count Data -- Theory and Algorithms -- Disease Mapping and Cluster Investigations -- Modeling Heterogeneity in Psychophysiology -- Investigating and Analyzing Heterogeneity in Meta-Analysis -- Analysis of Gene Expression Data.
|
| 520 |
|
|
|a The book shows how to model heterogeneity in medical research with covariate adjusted finite mixture models. The areas of application include epidemiology, gene expression data, disease mapping, meta-analysis, neurophysiology and pharmacology. After an informal introduction the book provides and summarizes the mathematical background necessary to understand the algorithms. The emphasis of the book is on a variety of medical applications such as gene expression data, meta-analysis and population pharmacokinetics. These applications are discussed in detail using real data from the medical literature. The book offers an R package which enables the reader to use the methods for his/her needs.
|
| 650 |
|
0 |
|a Statistics.
|
| 650 |
|
0 |
|a Public health.
|
| 650 |
|
0 |
|a Epidemiology.
|
| 650 |
|
0 |
|a Biostatistics.
|
| 650 |
1 |
4 |
|a Statistics.
|
| 650 |
2 |
4 |
|a Statistics for Life Sciences, Medicine, Health Sciences.
|
| 650 |
2 |
4 |
|a Public Health.
|
| 650 |
2 |
4 |
|a Biostatistics.
|
| 650 |
2 |
4 |
|a Statistics and Computing/Statistics Programs.
|
| 650 |
2 |
4 |
|a Epidemiology.
|
| 710 |
2 |
|
|a SpringerLink (Online service)
|
| 773 |
0 |
|
|t Springer eBooks
|
| 776 |
0 |
8 |
|i Printed edition:
|z 9783540686507
|
| 830 |
|
0 |
|a Statistics for Biology and Health,
|x 1431-8776
|
| 856 |
4 |
0 |
|u http://dx.doi.org/10.1007/978-3-540-68651-4
|z Full Text via HEAL-Link
|
| 912 |
|
|
|a ZDB-2-SMA
|
| 950 |
|
|
|a Mathematics and Statistics (Springer-11649)
|